Missing Word: The Rocky Horror Picture Show Songs Quiz Stats

 Plays Quiz Updated Oct 28, 2018

Score 0/17 Timer 03:00
1 Play Today
Song Missing Word % Correct
_____ WarpTime
94.4%
Touch-a, Touch-a, _____ MeTouch
89.6%
Dammit, _____Janet
84.1%
I Can _____ You a ManMake
84%
Science _____/Double FeatureFiction
75.9%
Don't Dream It, _____ ItBe
68.4%
_____ and Untamed ThingWild
67.3%
I'm _____ HomeGoing
63.8%
The _____ of DamoclesSword
63.2%
Song Missing Word % Correct
Hot Patootie - _____ My SoulBless
63%
_____ in a WhileOnce
59.2%
Over at the Frankenstein _____Place
59%
Sweet _____Transvestite
52.8%
Rose _____ My WorldTint
42.4%
_____ Schmanet JanetPlanet
33.5%
_____ HeroesSuper
29.6%
Eddie's _____Teddy
25.4%

Today's Daily Dose

Missing Word
Banned Books (A-Z)

Word Ladder
Janis Joplin

Get the Picture
Occupations

You're not logged in!

Compare scores with friends on all Sporcle quizzes.
OR
Log In

Sporcle TV

Today on Sporcle TV


Watch our educational content, quiz creation guides, and fun videos on Sporcle TV.

Show Comments

Extras

Top Quizzes Today


Score Distribution

Your Account Isn't Verified!

In order to create a playlist on Sporcle, you need to verify the email address you used during registration. Go to your Sporcle Settings to finish the process.

Report this User

Report this user for behavior that violates our Community Guidelines.

Details: